Gaming Quiz

Random Gaming Quiz
Score 0/61 Timer 03:00
0 Plays Today
Element(s) Monster % Correct
Water / ColdMaw
100%
Air / ColdPango
100%
Air / WaterQuibble
100%
Water / ColdRare Maw
100%
Water / ColdEpic Maw
100%
Air / ColdRare Pango
100%
Air / ColdEpic Pango
100%
Air / WaterRare Quibble
100%
Air / WaterEpic Quibble
100%
AirTweedle
66.7%
PlantPotbelly
66.7%
WaterToe-Jammer
66.7%
ColdMammott
66.7%
AirRare Tweedle
66.7%
AirEpic Tweedle
66.7%
PlantRare Potbelly
66.7%
PlantEpic Potbelly
66.7%
WaterRare Toe-Jammer
66.7%
WaterEpic Toe-Jammer
66.7%
ColdRare Mammott
66.7%
ColdEpic Mammott
66.7%
Plant / WaterOaktopus
66.7%
Plant / ColdFurcorn
66.7%
Plant / WaterRare Oaktopus
66.7%
Plant / WaterEpic Oaktopus
66.7%
Plant / ColdRare Furcorn
66.7%
Plant / ColdEpic Furcorn
66.7%
Plant / Water / ColdBowgart
66.7%
Plant / Water / ColdRare Bowgart
66.7%
Plant / Water / ColdEpic Bowgart
66.7%
Air / Plant / WaterSpunge
66.7%
Element(s) Monster % Correct
Air / Plant / WaterRare Spunge
66.7%
Air / Plant / WaterEpic Spunge
66.7%
Air / Plant / ColdThumpies
66.7%
Air / Plant / ColdRare Thumpies
66.7%
Air / Plant / ColdEpic Thumpies
66.7%
Air / Water / ColdCongle
66.7%
Air / Water / ColdRare Congle
66.7%
Air / Water / ColdEpic Congle
66.7%
Air / Plant / Water / ColdDeedge
66.7%
Air / Plant / Water / ColdRare Deedge
66.7%
Air / Plant / Water / ColdEpic Deedge
66.7%
ShadowGrumpyre
66.7%
ShadowRare Grumpyre
66.7%
DipsterLa
66.7%
Yay ( Christmas )Yool
66.7%
Yay ( Christmas )Rare Yool
66.7%
Yay ( Christmas )Epic Yool
66.7%
Air / PlantDandidoo
33.3%
Air / PlantRare Dandidoo
33.3%
Air / PlantEpic Dandidoo
33.3%
DipsterDo
33.3%
DipsterRe
33.3%
DipsterMi
33.3%
DipsterFa
33.3%
DipsterSol
33.3%
DipsterTi
33.3%
LegendaryTawkerr
33.3%
ElectricityWubbox
33.3%
Electricity Rare Wubbox
33.3%
LegendaryMaggpi
33.3%
Remove Ads.
Support Sporcle.
Get the best of Sporcle when you Go Orange. This ad-free experience offers more features, more stats, and more fun while also helping to support Sporcle. Thank you for becoming a member.

You're not logged in!

Compare scores with friends on all Sporcle quizzes.
OR
Log In

Sporcle TV

Today on Sporcle TV


Watch our educational content, quiz creation guides, and fun videos on Sporcle TV.

Show Comments

Extras

Created May 14, 2020ReportNominate
Tags:My Singing Monsters

Top Quizzes Today


Score Distribution

Paid Content

Your Account Isn't Verified!

In order to create a playlist on Sporcle, you need to verify the email address you used during registration. Go to your Sporcle Settings to finish the process.

Report this User

Report this user for behavior that violates our Community Guidelines.

Details: